[Event "Olympiad Women 2024"]
[Site "Budapest HUN"]
[Date "2024.09.18"]
[Round "7.41"]
[Board "3"]
[White "Faqeeh, Yara"]
[Black "Shabanaj, Eglantina"]
[Result "0-1"]
[WhiteElo "1671"]
[BlackElo "1957"]
[PlyCount "126"]
[EventDate "2024.09.11"]
[WhiteTeam "Palestine"]
[BlackTeam "Albania"]
[WhiteTeamCountry "PLE"]
[BlackTeamCountry "ALB"]

1. d4 Nf6 2. Bf4 d5 3. Nf3 Bf5 4. e3 e6 5. Nbd2 c5 6. c3 Nbd7 ({RR} 6... Nc6 7. Be2 h6 8. O-O Be7 9. a4 O-O 10. h3 Bd6 11. Ne5 Bxe5 12. dxe5 Nd7 13. Nf3 Be4 14. Nd2 Ndxe5 15. Nxe4 dxe4 16. Qc2 Nd3 17. Bg3 c4 18. b3 cxb3 19. Qxb3 Na5 20. Qb5 Rc8 21. Rfd1 {0-1 Shuvalova,P (2504)-Chigaev,M (2631) Titled Tuesday intern op 08th Mar Late blitz 2022 (4)}) ({RR} 6... Nc6 7. h3 Be7 8. Be2 O-O 9. O-O h6 10. Ne5 a6 11. Bh2 Qc8 12. g4 Bh7 13. Kg2 c4 14. f3 b5 15. Bg3 a5 16. h4 Nd7 17. Nxd7 Qxd7 18. e4 b4 19. Qa4 Qb7 20. Rab1 f5 21. gxf5 {1-0 Ilin,A (1531)-Gavrikova,V (1024) Chigorin Memorial 2023 (7.100)}) 7. Be2 Qb6 8. Qb3 Be7 9. Ne5 $146 ({RR} 9. O-O O-O 10. Ne5 h6 11. h3 Rac8 12. g4 Bh7 13. g5 hxg5 14. Bxg5 Rfe8 15. Bf4 Qxb3 16. axb3 a6 17. Kh2 Nxe5 18. Bxe5 Nd7 19. Bf4 Bf6 20. Nf3 e5 21. dxe5 Nxe5 22. Nxe5 Bxe5 23. Bxe5 Rxe5 {1-0 Perez,L (1957)-Maldonado Barrera,L Bucaramanga op (Women) 2008 (4)}) 9... Nxe5 10. Bxe5 O-O 11. Nf3 Ne4 12. h3 c4 13. Qxb6 axb6 14. g4 Bg6 15. Bh2 b5 16. Ne5 f5 17. Bf4 Bh4 18. Rh2 Be8 19. Rg2 g5 20. Bg3 Bxg3 21. fxg3 Kg7 22. Bf3 Nd6 23. h4 h6 24. Rh2 Bg6 25. Ke2 f4 26. gxf4 gxf4 27. exf4 Rf7 28. f5 Rxf5 29. Ke3 Rf4 30. Rh3 Raf8 31. Rd1 Be8 32. Rg1 Ne4 33. Rg2 b6 34. Ke2 b4 35. cxb4 c3 36. Ke3 Bb5 37. bxc3 Bf1 38. Nd3 Bxd3 39. Kxd3 Rxf3+ 40. Rxf3 Rxf3+ 41. Kc2 Rxc3+ 42. Kb2 Rc4 43. a3 Rxd4 44. Kb3 b5 45. Kc2 e5 46. Re2 Kf6 47. Re3 Nd6 48. g5+ hxg5 49. hxg5+ Kf5 50. Rg3 Kg6 51. Kb3 Ne4 52. Rh3 Kxg5 53. Rh8 Nd2+ 54. Ka2 Nc4 55. Rb8 Rd2+ 56. Kb3 Rd3+ 57. Kc2 e4 58. a4 bxa4 59. b5 a3 60. b6 a2 61. Rg8+ Kf4 62. b7 Rc3+ 63. Kxc3 a1=Q+ 0-1

[Event "Olympiad Women 2024"]
[Site "Budapest HUN"]
[Date "2024.09.18"]
[Round "7.41"]
[Board "4"]
[White "Omeri, Eklea"]
[Black "Natsheh, Wajd"]
[Result "1-0"]
[WhiteElo "1962"]
[BlackElo "1739"]
[PlyCount "57"]
[EventDate "2024.09.11"]
[WhiteTeam "Albania"]
[BlackTeam "Palestine"]
[WhiteTeamCountry "ALB"]
[BlackTeamCountry "PLE"]

1. d4 d5 2. c4 e6 3. Nc3 c6 4. Nf3 dxc4 5. a4 Bb4 6. e4 b5 7. Be2 a5 ({RR} 7... Nf6 8. O-O Qb6 9. Be3 Bxc3 10. bxc3 Nxe4 11. Qc2 Nf6 12. d5 c5 13. Rfb1 Nxd5 14. Rxb5 Nxe3 15. Qe4 Qc6 16. Qxe3 Nd7 17. Ne5 Qc7 18. Nxf7 O-O 19. Ng5 Nf6 20. Rxc5 Qe7 21. Re5 Qc7 22. Rxe6 {½-½ Wang,H (2680)-Frolyanov,D (2539) EU-Cup 32nd Novi Sad 2016 (3.4)}) 8. O-O Bxc3 9. bxc3 Ba6 $146 ({RR} 9... Bb7 10. Rb1 Qc7 11. axb5 cxb5 12. Rxb5 Bxe4 13. Ne5 Ne7 14. Bf4 O-O 15. Ng6 Qd7 16. Nxe7+ Qxe7 17. Bxc4 Nc6 18. Re1 Bf5 19. Rxf5 Qa3 20. Rc5 Rfc8 21. Bb5 Na7 22. Bc1 Qa2 23. Qe2 Qa1 24. Bb2 {1-0 Jedynak,J (1626)-Rozycki,W (1489) Mazowiec-chT op 1112 2012 (7.45)}) ({RR} 9... Nf6 10. Ba3 Nxe4 11. Qc2 Nd6 12. Rab1 Ba6 13. h4 O-O 14. Ng5 g6 15. Bf3 Ra7 16. Rfe1 Re8 17. Qd2 Nf5 18. h5 Nd7 19. hxg6 hxg6 20. Qf4 Nf6 21. g4 Nd5 22. Bxd5 Qxd5 23. gxf5 exf5 24. Rxe8+ {1-0 Meza,A (2040)-Sabar,E (2040) Titled Tue 16th Jan Late 2024 (5)}) ({RR} 9... Ne7 10. Rb1 Ba6 11. Bf4 O-O 12. Qc2 Ng6 13. Bg3 f5 14. Be5 Nxe5 15. Nxe5 f4 16. Bg4 Qe8 17. Qe2 Ra7 18. Rfd1 Re7 19. Rb2 g6 20. Ra1 b4 21. Qd2 c5 22. dxc5 Nc6 23. Nxc6 Qxc6 24. cxb4 {0-1 Ramazashvili,R (1725)-Golomovziuk,A (2033) Moscow op-B 04th 2008 (6)}) ({RR} 9... Bd7 10. d5 Qe7 11. d6 Qd8 12. e5 f6 13. Qd4 h6 14. Qg4 f5 15. Qxg7 {1-0 Jamshedy,M-Hoareau,B Olympiad-32 Yerevan 1996 (10.2)}) 10. Ba3 Nf6 11. Qc2 Nbd7 12. Ne5 Qc7 13. f4 c5 14. axb5 Bxb5 15. Bxc4 Bxc4 16. Nxc4 O-O 17. Qd3 Rfd8 18. e5 Ne8 19. Rf3 Rac8 20. Rh3 f5 21. d5 exd5 22. Qxd5+ Kh8 23. Qf7 Qc6 24. Rd1 Nc7 25. Rhd3 Rf8 26. Qxd7 Qa6 27. Nd6 Rfd8 28. Nf7+ Kg8 29. Nxd8 1-0

[Event "Olympiad Women 2024"]
[Site "Budapest HUN"]
[Date "2024.09.18"]
[Round "7.42"]
[Board "1"]
[White "Varela La Madrid, Tilsia Carolina"]
[Black "Ravelomanana, Sabine"]
[Result "1-0"]
[WhiteElo "2017"]
[BlackElo "1926"]
[PlyCount "55"]
[EventDate "2024.09.11"]
[WhiteTeam "Venezuela"]
[BlackTeam "Madagascar"]
[WhiteTeamCountry "VEN"]
[BlackTeamCountry "MAD"]

1. e4 e5 2. Nf3 Nc6 3. Nc3 Nf6 4. Bb5 Bd6 5. d3 a6 6. Bc4 ({RR} 6. Bxc6 dxc6 7. h3 Nd7 8. Bg5 f6 9. Be3 O-O 10. Nh4 Nc5 11. Nf5 Ne6 12. h4 g6 13. Nh6+ Kh8 14. g4 Kg7 15. Rg1 Nf4 16. g5 fxg5 17. hxg5 Be7 18. Ng4 Qd6 19. d4 Bxg4 20. Rxg4 Rad8 {0-1 Sutovsky,E (2676)-Eljanov,P (2717) EU-chT (Men) 17th 2009 (9)}) 6... O-O ({RR} 6... b5 7. Bb3 h6 8. a4 b4 9. Nd5 Na5 10. Ne3 O-O 11. Nf5 Nxb3 12. cxb3 Bc5 13. Bxh6 gxh6 14. Qc1 d6 15. Qxh6 Bxf5 16. exf5 Nh7 17. h4 Qf6 18. Qh5 e4 19. dxe4 Rfe8 20. O-O-O Rxe4 21. Ng5 {0-1 Jiang,H (2276)-Siddharth,J (2516) Liaocheng Dongchangfu Cup 2024 (1.3)}) 7. a4 $146 ({RR} 7. O-O Be7 8. Bd5 d6 9. Bxc6 bxc6 10. d4 exd4 11. Nxd4 Bd7 12. Qf3 Rb8 13. e5 dxe5 14. Nxc6 Bxc6 15. Qxc6 Qd6 16. Qf3 Qe6 17. Qe2 Rfe8 18. b3 h6 19. Nd1 Nd5 20. c4 Nb4 21. Ne3 a5 {½-½ Paichadze,L (2491)-Giri,A (2717) EU-ch 13th Plovdiv 2012 (4)}) ({RR} 7. a3 Be7 8. O-O d6 9. h3 Bd7 10. Be3 Na5 11. Ba2 c5 12. Nd5 Nxd5 13. Bxd5 Nc6 14. c3 Qc7 15. Rc1 b6 16. d4 Rab8 17. Qd3 b5 18. dxc5 dxc5 19. Rfd1 Rbd8 20. b4 c4 21. Qe2 Bd6 {½-½ Borsuk,Y (2300)-Moen,A (2356) Vasteras op 2014 (8)}) ({RR} 7. a3 h6 8. g4 Bc5 9. Rg1 d6 10. g5 Ng4 11. Rg2 h5 12. h3 Nxf2 13. Rxf2 Bxf2+ 14. Kxf2 Bxh3 15. Nh2 g6 16. Nd5 Be6 17. Nf6+ Kg7 18. Be3 Nb8 19. Kg3 Nd7 20. Qf3 Qe7 21. Rf1 c6 {1-0 Ismagambetov,A (2524)-Sangma,R (2358) Bhubaneswar op 2nd 2010 (8)}) 7... Be7 8. O-O d6 9. h3 Be6 10. Re1 Qd7 11. Bxe6 fxe6 12. Bg5 Rae8 13. Nh2 Nd4 14. Ne2 Nxe4 15. Bxe7 Nxf2 16. Qd2 Rxe7 17. Nxd4 exd4 18. Re2 Ref7 19. Rf1 Nxh3+ 20. gxh3 Rxf1+ 21. Nxf1 e5 22. Rg2 Qxh3 23. Qg5 Qd7 24. Nd2 g6 25. Ne4 Kg7 26. Rh2 Rf4 27. Qh6+ Kg8 28. Qxf4 1-0

[Event "Olympiad Women 2024"]
[Site "Budapest HUN"]
[Date "2024.09.18"]
[Round "7.42"]
[Board "2"]
[White "Raharimanana, Faratiana"]
[Black "Rovira Contreras, Tairu Manuela"]
[Result "1/2-1/2"]
[WhiteElo "1815"]
[BlackElo "2022"]
[PlyCount "117"]
[EventDate "2024.09.11"]
[WhiteTeam "Madagascar"]
[BlackTeam "Venezuela"]
[WhiteTeamCountry "MAD"]
[BlackTeamCountry "VEN"]

1. d4 d5 2. Nf3 Nf6 3. g3 c5 4. c3 Nc6 5. Bg2 e6 6. O-O Bd6 7. Bg5 h6 8. Bxf6 Qxf6 9. e3 ({RR} 9. dxc5 Bxc5 10. Nbd2 O-O 11. e4 Bb6 12. a4 Rd8 13. Qe2 Bd7 14. Nb3 a6 15. a5 Ba7 16. Rfe1 dxe4 17. Nfd2 e3 18. fxe3 e5 19. Bd5 Be6 20. Bxe6 Qxe6 21. Qc4 Rd5 22. Kg2 Rad8 23. Nf3 g5 {0-1 Morris,J (2377)-Vajda,L (2597) Doeberl Cup 52nd 2014 (5)}) 9... O-O 10. Nbd2 cxd4 11. exd4 a5 $146 ({RR} 11... Bd7 12. a4 Rfc8 13. Re1 Rab8 14. Qe2 Bf8 15. a5 Qd8 16. Nb3 b6 17. axb6 Qxb6 18. Nfd2 a5 19. Ra2 Ra8 20. Rea1 Re8 21. Bf1 Qc7 22. Nf3 Bd6 23. Nc5 Bxc5 24. dxc5 e5 25. Qd2 Rab8 26. Bg2 {0-1 Cordeiro,J (2059)-Zwirs,N (2442) Maia Chess Open 2023 (1.18)}) ({RR} 11... Bd7 12. Re1 Rfc8 13. Qe2 Qd8 14. Ne5 Nxe5 15. dxe5 Be7 16. c4 Bc6 17. Red1 Qb6 18. b3 Rd8 19. cxd5 Bxd5 20. Nc4 Qa6 21. Qb2 Bxg2 22. Kxg2 b5 23. Ne3 Bc5 24. Rxd8+ Rxd8 25. Rd1 Qc6+ 26. Kg1 {0-1 Stokes,P (1857)-Maciejewski,K (1935) Krakow op-B 2022 (2)}) ({RR} 11... b5 12. Re1 Bd7 13. Qe2 a6 14. Ne5 Qe7 15. f4 Bxe5 16. fxe5 b4 17. Nb3 a5 18. Nc5 Rab8 19. Qd2 bxc3 20. bxc3 Rb6 21. Na4 Rb7 22. Nc5 Rb6 23. Na4 Rb7 {½-½ Siptitz,F (1830)-Ruderer,M (1768) Mittelfranken-chTB2b 1516 2015 (2.8)}) 12. a4 b6 13. Re1 Ba6 14. Nf1 b5 15. Ne3 Rab8 16. Bf1 Rb6 17. Ng4 Qd8 18. Nge5 b4 19. Bxa6 Rxa6 20. Qd3 Rb6 21. c4 Bxe5 22. c5 Bxd4 23. cxb6 Qxb6 24. Re2 e5 25. Qb5 Rd8 26. Rc1 Rd6 27. Kg2 e4 28. Nxd4 Nxd4 29. Qxb6 Rxb6 30. Rd2 Nb3 31. Rc8+ Kh7 32. Rxd5 Re6 33. Rc7 Kg6 34. h4 f5 35. h5+ Kf6 36. Rdd7 g6 37. Rh7 Kg5 38. hxg6 Rxg6 39. Rhg7 h5 40. Rxg6+ Kxg6 41. Rc6+ Kg5 42. Ra6 f4 43. gxf4+ Kxf4 44. Rf6+ Ke5 45. Rh6 Kd4 46. Rxh5 Nc5 47. f4 Nxa4 48. f5 Ke5 49. b3 Nc3 50. f6+ Kxf6 51. Rxa5 Ke6 52. Kf2 Nd5 53. Rb5 Ke5 54. Rb8 Kd4 55. Rc8 Kd3 56. Rd8 Kd4 57. Rc8 Kd3 58. Rd8 Kd4 59. Rc8 1/2-1/2

[Event "Olympiad Women 2024"]
[Site "Budapest HUN"]
[Date "2024.09.18"]
[Round "7.42"]
[Board "3"]
[White "Perez Hernandez, Vicmary C."]
[Black "Randriatsiferana, Dimbiharentsoa Christiana"]
[Result "1-0"]
[WhiteElo "1960"]
[BlackElo "1736"]
[PlyCount "57"]
[EventDate "2024.09.11"]
[WhiteTeam "Venezuela"]
[BlackTeam "Madagascar"]
[WhiteTeamCountry "VEN"]
[BlackTeamCountry "MAD"]

1. e4 {Ramirez Alvarez,Alejandro} c5 2. Nf3 d6 3. d4 cxd4 4. Qxd4 Nc6 5. Bb5 Bd7 6. Bxc6 Bxc6 7. Nc3 Nf6 8. Bg5 e6 9. O-O-O Be7 10. Qd3 Qb6 11. Rhe1 $146 ({RR} 11. Nd4 Nxe4 12. Bxe7 Nxf2 13. Qg3 Nxh1 14. Qh4 Nf2 15. Bxd6 Qd8 16. Qxf2 Qxd6 17. Nf5 Qxd1+ 18. Nxd1 exf5 19. Qe3+ Be4 20. Qc5 h5 21. Ne3 Rh6 22. Nxf5 Bxf5 23. Qxf5 Rd8 24. b3 Re6 25. Qxh5 Re1+ {1-0 Rasulov,V (2483)-Gasanov,E (2488) Baku Solidarity Day 2010 (3.4)}) ({RR} 11. Rhf1 Rc8 12. Nd4 O-O 13. f4 Rfd8 ({RR} 13... Rfe8 14. g4 h6 15. Bxf6 Bxf6) 14. g4 Be8 15. Bxf6 Bxf6 16. g5 Bxd4 ({RR} 16... Be7) 17. Qxd4 Qxd4 18. Rxd4 Kf8 19. f5 e5 20. Rd3 Bc6 21. Rh3 Kg8 22. Rd1 b5 23. Nd5 Bxd5 24. Rxd5 Rc4 25. Re3 b4 {1-0 Hou,Y (2683)-Negi,P (2664) Saint Louis Showdown Rapid 2 2015 (4)}) ({RR} 11. Nd4 Nxe4 12. Bxe7 Nxf2 13. Qg3 Nxd1 14. Rxd1 Kxe7 15. Nxe6 Bxg2 16. Nxg7 Rhg8 17. Qxg2 Qe3+ 18. Kb1 Kf8 19. Qxb7 Kxg7 20. Nd5 Kh8 21. Nxe3 {1-0 Koshulyan,E (2136)-Iglesias,J (2199) Titled Tue 2nd May Early 2023 (7)}) ({RR} 11. Rhf1 Rd8 12. h4 a6 13. Nd4 h6 14. Bd2 O-O 15. f4 Nd7 16. f5 e5 17. f6 Bxf6 18. Nf5 Nc5 19. Nxh6+ gxh6 20. Qg3+ Bg7 21. Bxh6 Ne6 22. Rf6 Qc7 23. Nd5 Bxd5 24. exd5 Kh8 25. Bxg7+ Nxg7 {½-½ Levacic,P (2350)-Vitic,I (2265) CRO-chT2 Tucepi 1996}) ({RR} 11. Be3 Qa5 12. h3 a6 13. Nd4 Qc7 14. f4 Rc8 15. g4 Nd7 16. Nxc6 Qxc6 17. Bd4 O-O 18. h4 b5 19. h5 b4 20. Ne2 Nc5 21. Bxc5 Qxc5 22. g5 a5 23. Nd4 Qc4 24. Qxc4 Rxc4 25. Rh2 Rd8 {0-1 Slepankova,R (2070)-Buldrova,M CZE-ch (Women) 1998 (7)}) 11... O-O-O 12. Be3 Qa5 13. Nd4 Kb8 14. f4 Ng4 15. Bg1 Bh4 16. g3 Be7 17. Nb3 Qc7 18. Qd4 Rdg8 19. Qxa7+ Kc8 20. Na5 Kd7 21. Nc4 Rb8 22. Bb6 Qc8 23. Bc5 Ke8 24. Bxd6 Ra8 25. Qc5 Bxe4 26. Bxe7 Qxc5 27. Bxc5 f5 28. Nd6+ Kd7 29. Ndxe4+ 1-0

[Event "Olympiad Women 2024"]
[Site "Budapest HUN"]
[Date "2024.09.18"]
[Round "7.42"]
[Board "4"]
[White "Tsinjoviniavo, Aina Mahasambatra"]
[Black "Pena Gonzalez, Clara Isabel"]
[Result "0-1"]
[WhiteElo "1662"]
[BlackElo "1895"]
[PlyCount "60"]
[EventDate "2024.09.11"]
[WhiteTeam "Madagascar"]
[BlackTeam "Venezuela"]
[WhiteTeamCountry "MAD"]
[BlackTeamCountry "VEN"]

1. e4 c5 2. Nf3 e6 3. c3 Nf6 4. Qc2 Qc7 ({RR} 4... d5 5. e5 Nfd7 6. g3 Nc6 7. Bg2 Qc7 8. d4 cxd4 9. Bf4 d3 10. Qxd3 Ndxe5 11. Nxe5 Nxe5 12. Qe2 Bd6 13. Bxe5 Bxe5 14. f4 Bd6 15. Bxd5 O-O 16. Bg2 Qb6 17. a4 e5 18. a5 Qc7 19. fxe5 {½-½ Rodriguez Vila,A (2547)-Flores Rios,M (2391) Mercosur Cup 2007 (2)}) 5. e5 $146 ({RR} 5. Na3 a6 6. Qa4 Nc6 7. Be2 Rb8 8. d3 b5 9. Qd1 Bb7 10. O-O Be7 11. Nc2 O-O 12. Re1 d5 13. exd5 Nxd5 14. c4 Nf4 15. cxb5 axb5 16. Qd2 Nxe2+ 17. Qxe2 Rfd8 18. Be3 Ne5 19. Nxe5 Qxe5 {½-½ Vizlina,B-Urosevic,M (2076) SRB-chT2 West 2006 (5.5)}) ({RR} 5. Be2 d5 6. exd5 exd5 7. O-O Bd6 8. h3 h6 9. d4 Nc6 10. Be3 c4 11. b3 cxb3 12. axb3 O-O 13. c4 Nb4 14. Qc1 Bf5 15. Nc3 a6 16. c5 Be7 17. Ne5 Bxc5 18. Ng4 Be7 19. Bf4 Qc8 {0-1 Huertas,L (1775)-Vanegas Henao,R (1886) Tolima Deportivo op 2021 (7)}) ({RR} 5. d4 cxd4 6. Nxd4 a6 7. Bd3 b5 8. O-O Bb7 9. f4 Bc5 10. Be3 Ng4 11. Qe2 Nxe3 12. Qxe3 Nc6 13. e5 Qb6 14. Kh1 Nxd4 15. cxd4 Bxd4 16. Qe2 g6 17. Na3 O-O 18. Rac1 Rac8 19. b4 d6 {0-1 Julian,S (1730)-Weinsanto,M (2080) Uzes op 1989 (3)}) ({RR} 5. Na3 a6 6. Nc4 b5 7. Ne3 Bb7 8. e5 Nd5 9. Nxd5 Bxd5 10. Be2 Be7 11. O-O Bb7 12. Re1 d5 13. Qd1 Nc6 14. d4 cxd4 15. cxd4 Bb4 16. Bd2 Bxd2 17. Qxd2 Ne7 18. Rac1 Qb6 19. Rc5 O-O {1-0 Kafetzi,A-Nikolaidou,V GRE-ch U10 Girls 2008 (5)}) 5... Nd5 6. Bc4 Nb6 7. Be2 d6 8. exd6 Bxd6 9. d4 cxd4 10. Nxd4 a6 11. Nd2 Bd7 12. N2f3 Nc6 13. Be3 Nd5 14. Qe4 Nxe3 15. Qxe3 Nxd4 16. Qxd4 e5 17. Qe3 O-O 18. O-O Rae8 19. h3 e4 20. Nd4 Bf4 21. Ne6 Rxe6 22. Qd4 e3 23. Kh1 exf2 24. Bc4 Be3 25. Qh4 Rh6 26. Qe4 Qg3 27. Qxe3 Qxe3 28. Rxf2 Qxf2 29. Rf1 Rxh3+ 30. gxh3 Bc6+ 0-1

[Event "Olympiad Women 2024"]
[Site "Budapest HUN"]
[Date "2024.09.18"]
[Round "7.43"]
[Board "1"]
[White "Gomez Barrera, Javiera Belen"]
[Black "Jop A., Laura Elizabeth"]
[Result "1-0"]
[WhiteElo "2123"]
[BlackElo "1686"]
[PlyCount "47"]
[EventDate "2024.09.11"]
[WhiteTeam "Chile"]
[BlackTeam "Guatemala"]
[WhiteTeamCountry "CHI"]
[BlackTeamCountry "GUA"]

1. e4 c5 2. Nf3 g6 3. c3 d5 4. e5 d4 ({RR} 4... a6 5. d4 Nc6 6. h3 Bg7 7. Bd3 f6 8. exf6 Nxf6 9. O-O O-O 10. Re1 Nh5 11. Be3 Qb6 12. Qb3 Qxb3 13. axb3 Rxf3 14. gxf3 cxd4 15. cxd4 Nxd4 16. Bxd4 Bxd4 17. Rxe7 Nf4 18. Bf1 Bxb2 19. Ra4 {0-1 Kramnik,V (2753)-Vakhidov,J (2607) Satty Zhuldyz Blitz 2023 (3.3)}) 5. cxd4 cxd4 6. Bb5+ ({RR} 6. Qa4+ Nc6 7. Bb5 Qd5 8. Bxc6+ bxc6 9. Qxd4 Qxd4 10. Nxd4 Ba6 11. Nxc6 Rc8 12. Nb4 Rxc1# {0-1 Einarsson,E (1690)-Filippo,G Reykjavik Open 2024 (7.171)}) 6... Bd7 7. Nxd4 $146 ({RR} 7. Bc4 Nc6 8. O-O Bg7 9. Re1 Nh6 10. d3 O-O 11. Bf4 Bg4 12. Nbd2 Nf5 13. h3 Bxf3 14. Nxf3 e6 15. a3 Rb8 16. Qe2 b5 17. Ba2 b4 18. Rec1 Na5 19. Bc4 bxa3 20. Rxa3 Qb6 21. b3 Ne7 {1-0 Howell,D (2685)-Claridge Hansen,W (2283) BCF-chT1c 1718 (4NCL) Promotion pool 2017 (9.31)}) ({RR} 7. e6 fxe6 8. Bc4 Qc8 9. d3 Bg7 10. O-O Nc6 11. Re1 Na5 12. Na3 Nxc4 13. Nxc4 Bc6 14. Nce5 Bxe5 15. Nxe5 Nf6 16. Bh6 Qc7 17. Rc1 Qd6 18. Rc4 Bb5 19. Rc1 Bc6 20. Bg7 Rg8 21. Bxf6 exf6 {1-0 Rishi,S (2459)-He,Z (1662) Oceania Zonal 2023 (1.3)}) 7... Qb6 8. Bxd7+ Nxd7 9. Nf3 Bg7 10. d4 f6 11. Qa4 fxe5 12. dxe5 O-O-O 13. Be3 Qxb2 14. O-O a6 15. Rc1+ Kb8 16. Nc3 Nxe5 17. Nxe5 Bxe5 18. Rab1 Bxc3 19. Rxb2 Bxb2 20. Rb1 Nf6 21. Rxb2 b5 22. Qb3 Rd5 23. h3 Rhd8 24. Qa3 1-0

[Event "Olympiad Women 2024"]
[Site "Budapest HUN"]
[Date "2024.09.18"]
[Round "7.43"]
[Board "2"]
[White "Lopez L., Dairyn D."]
[Black "Jorquera Cabello, Valentina"]
[Result "0-1"]
[WhiteElo "1740"]
[BlackElo "1919"]
[PlyCount "76"]
[EventDate "2024.09.11"]
[WhiteTeam "Guatemala"]
[BlackTeam "Chile"]
[WhiteTeamCountry "GUA"]
[BlackTeamCountry "CHI"]

1. d4 Nf6 2. Bf4 g6 3. Nc3 Bg7 4. f3 ({RR} 4. e4 O-O 5. Nf3 c6 6. e5 Nd5 7. Nxd5 cxd5 8. Be2 Nc6 9. O-O f6 10. Bg3 Qb6 11. c4 dxc4 12. Bxc4+ Kh8 13. Bb3 Na5 14. Re1 Nxb3 15. axb3 d6 16. e6 d5 17. Qe2 a5 18. Rac1 Ra6 {0-1 Aronian,L (2789)-Nepomniachtchi,I (2751) chess.com Speed 1m+1spm 2017 blitz (1.22)}) ({RR} 4. e4 O-O 5. e5 Ne8 6. Qd2 d6 7. Nf3 Nc6 8. O-O-O Bg4 9. exd6 cxd6 10. Bh6 Rc8 11. h3 Bxf3 12. gxf3 Qa5 13. Bxg7 Nxg7 14. Bc4 Nf5 15. Nd5 Qxd2+ 16. Rxd2 e6 17. Ne3 Ncxd4 18. Be2 Rc5 {0-1 Rohm,L (1758)-Dietz,H (1898) GER Cup Net V3 U1600 blitz 2020 (5)}) 4... d6 5. e4 $146 ({RR} 5. Qd2 O-O 6. O-O-O Nbd7 7. Bh6 e5 8. d5 Nc5 9. h4 Bd7 10. g4 b5 11. h5 b4 12. Nb1 a5 13. hxg6 fxg6 14. Bxg7 Kxg7 15. Qh6+ Kg8 16. g5 Nh5 17. Bh3 Bxh3 18. Nxh3 a4 19. Nf2 b3 {0-1 Zeng,X (1357)-Zwecker,C (1430) GER-ch U25-B 2016 (5)}) ({RR} 5. Qd2 O-O 6. O-O-O Nc6 7. Bh6 e5 8. d5 Nd4 9. g4 a6 10. h4 c6 11. h5 cxd5 12. hxg6 fxg6 13. g5 Nd7 14. e3 Nf5 15. Qxd5+ Kh8 16. Re1 Nc5 17. f4 exf4 18. exf4 Bd7 19. Rh2 a5 {0-1 Bilek,T (1097)-Zwecker,C (1430) GER-ch U25-B 2016 (1)}) ({RR} 5. Qd2 O-O 6. Bh6 c5 7. Bxg7 Kxg7 8. e3 b6 9. g4 Bb7 10. Bg2 Qc7 11. h4 h5 12. gxh5 Nxh5 13. Nce2 Rh8 14. Nh3 Nd7 15. Nhf4 Ndf6 16. Nxh5+ Nxh5 17. O-O-O a5 18. Rdg1 b5 19. f4 Bxg2 {½-½ Buchloh,F (1262)-Stahl,A (1171) GER-chT North U12 2013 (4.3)}) 5... Nc6 6. Qd2 Nh5 7. Be3 a6 8. g4 Nf6 9. h4 h5 10. g5 Nd7 11. f4 Nb6 12. O-O-O d5 13. e5 Bf5 14. Qf2 e6 15. Nf3 Qd7 16. Nd2 Nb4 17. Nb3 Nxc2 18. Bh3 Nxe3 19. Qxe3 Nc4 20. Qe2 Bxh3 21. Rxh3 b6 22. Kb1 Bf8 23. Ne4 Be7 24. Nf6+ Bxf6 25. gxf6 Qb5 26. Qg2 O-O-O 27. Rc3 Kb8 28. Qf2 Ka7 29. Rdc1 Rb8 30. Qc2 c5 31. Qf2 Rhc8 32. R1c2 a5 33. Kc1 a4 34. Nd2 Nxd2 35. Kxd2 Qb4 36. dxc5 d4 37. cxb6+ Rxb6 38. Kd3 dxc3 0-1

[Event "Olympiad Women 2024"]
[Site "Budapest HUN"]
[Date "2024.09.18"]
[Round "7.43"]
[Board "3"]
[White "Morales Flores, Monserrat"]
[Black "Raymundo, Deycy Daniela"]
[Result "1-0"]
[WhiteElo "1938"]
[BlackElo "1728"]
[PlyCount "291"]
[EventDate "2024.09.11"]
[WhiteTeam "Chile"]
[BlackTeam "Guatemala"]
[WhiteTeamCountry "CHI"]
[BlackTeamCountry "GUA"]

1. e4 c5 2. Nf3 Nc6 3. d4 cxd4 4. Nxd4 Nf6 5. Nc3 d6 6. Be2 g6 7. Be3 Bg7 8. Qd2 O-O 9. f3 Bd7 10. O-O Rc8 11. Rfd1 Ne5 ({RR} 11... a6 12. Nxc6 Bxc6 13. a4 Nd7 14. a5 Qc7 15. Bd4 Rfd8 16. Qe3 {½-½ Kovchan,A (2583)-Kryvoruchko,Y (2711) UKR-ch Lvov 2015 (6)}) 12. b3 ({RR} 12. Kh1 Re8 13. Nd5 Nxd5 14. exd5 Nc4 15. Bxc4 Rxc4 16. b3 Rc8 17. c4 a6 18. a4 e5 19. dxe6 Bxe6 20. Nxe6 Rxe6 21. Bd4 Bxd4 22. Qxd4 Qe7 23. h3 Rc5 24. Rd2 Rce5 25. Rad1 h5 26. Kh2 Qf6 {½-½ Goryachkina,A (2553)-Danielian,V (2230) Titled Tue 19th Mar Late 2024 (7)}) 12... Qc7 $146 ({RR} 12... Qa5 13. Nd5 Qd8 14. c4 a6 15. Rac1 Re8 16. Qb4 Rb8 17. Nb6 Bf8 18. c5 a5 19. Qxa5 d5 20. Bf4 Qc7 21. Qd2 dxe4 22. Nxd7 Nfxd7 23. fxe4 Rbd8 24. c6 Nf6 25. cxb7 Qb8 26. Qe3 Neg4 27. Bxb8 {1-0 Guliyev,N (2560)-Kopczynski,M (2240) Warsaw AIG Life rapid 7th 2007 (5)}) 13. Ncb5 Bxb5 14. Nxb5 Qxc2 15. Nxa7 Qxd2 16. Rxd2 Ra8 17. Rc2 Neg4 18. fxg4 Nxg4 19. Bxg4 Bxa1 20. Rc7 e5 21. Rxb7 f5 22. exf5 gxf5 23. Bh5 f4 24. Bb6 Rfb8 25. Bf3 Rxb7 26. Bxb7 Rf8 27. Bd5+ Kg7 28. Nc6 Re8 29. Be4 Kf6 30. Kf2 Ke6 31. Nb4 Rb8 32. Ba5 Rb5 33. Nc6 d5 34. Bxh7 Rc5 35. Nd8+ Kd7 36. Bf5+ Ke8 37. Nb7 Bd4+ 38. Ke2 Rc1 39. a4 Ra1 40. Kd3 Ra3 41. Nd6+ Ke7 42. Nb5 Rxb3+ 43. Kc2 Rb2+ 44. Kd3 Be3 45. Bh3 Rf2 46. Bb4+ Kf6 47. Bc3 Bc5 48. Nc7 d4 49. Nd5+ Kg6 50. Bb4 Ba7 51. Ne7+ Kf6 52. Nc6 Bb6 53. Be7+ Kg7 54. Nxe5 Ra2 55. Nd7 Bc7 56. Nc5 Be5 57. Nd7 Bc7 58. Bf6+ Kf7 59. Bxd4 Rxa4 60. Ne5+ Kg8 61. Be6+ Kh7 62. Nf3 Kh6 63. Be5 Bxe5 64. Nxe5 Kg5 65. Nf3+ Kf6 66. Bc4 Ra3+ 67. Kd4 Ra4 68. h4 Kf5 69. Kd5 Kg4 70. Bd3 Kg3 71. Be4 Kxg2 72. Ke5 Kg3 73. h5 Ra5+ 74. Bd5 Ra6 75. Nd4 Kg4 76. Bf3+ Kg3 77. Be4 Kg4 78. Bf3+ Kg3 79. Ke4 Kh4 80. Kxf4 Rf6+ 81. Nf5+ Kh3 82. Kg5 Ra6 83. Bg4+ Kg2 84. Nd4 Kg3 85. Nf5+ Kf2 86. Ne7 Ra5+ 87. Bf5 Ra7 88. Kf6 Ra6+ 89. Be6 Ra5 90. Nf5 Ra1 91. h6 Rh1 92. Bd5 Rxh6+ 93. Nxh6 Ke3 94. Ke5 Kd3 95. Nf5 Kc3 96. Be4 Kc4 97. Kd6 Kc3 98. Kc5 Kd2 99. Kd4 Ke2 100. Bd5 Kd2 101. Bc4 Kc2 102. Nd6 Kd2 103. Bd3 Kc1 104. Kc3 Kd1 105. Ne4 Ke1 106. Bc4 Kd1 107. Bd3 Ke1 108. Bc4 Kd1 109. Kd3 Ke1 110. Bb3 Kf1 111. Ke3 Ke1 112. Kf3 Kf1 113. Nf2 Ke1 114. Ne4 Kf1 115. Ng3+ Ke1 116. Ne4 Kf1 117. Ke3 Ke1 118. Ba4 Kf1 119. Kf3 Ke1 120. Bc2 Kf1 121. Nf2 Ke1 122. Ke3 Kf1 123. Be4 Ke1 124. Bf3 Kf1 125. Ng4 Ke1 126. Ne5 Kf1 127. Nd3 Kg1 128. Kf4 Kh2 129. Nf2 Kg1 130. Ng4 Kf1 131. Ke3 Ke1 132. Ne5 Kf1 133. Nd3 Kg1 134. Kf4 Kf1 135. Kg3 Kg1 136. Bg4 Kf1 137. Kf3 Kg1 138. Bh3 Kh2 139. Bg2 Kg1 140. Nf2 Kh2 141. Ng4+ Kg1 142. Bh3 Kh1 143. Kg3 Kg1 144. Nh2 Kh1 145. Bg2+ Kg1 146. Nf3# 1-0